Statistics for The Vikings!

Click here to take the quiz!

General Stats

  • This quiz has been taken 19,373 times
  • The average score is 12 of 20

Answer Stats

HintAnswer% Correct
Island nation settled by Vikings in 874Iceland
92%
God of thunderThor
90%
Language of the VikingsOld {Norse}
87%
Majestic hall in that land where those who die in battle are takenValhalla
80%
Explorer who was the first European to settle GreenlandErik the {Red}
77%
Son of the above who settled in Canada{Leif} Erikson
77%
God with one eye and a long beardOdin
76%
Shape-shifting god sometimes called a "trickster"Loki
74%
Group of Vikings who settled in France and went on to conquer England in 1066Normans
70%
An alcoholic beverage made from fermented honeyMead
66%
The Viking version of the apocalypseRagnarök
56%
Term for an epic Viking storySaga
53%
Female beings who bring warriors to that hallValkyries
49%
An inscribed stone with writing and/or pictures on it{Rune}stone
46%
Land of the gods in Viking mythologyAsgard
44%
Slavic city on the Dnieper River which was conquered by VikingsKyiv
42%
Name of that Canadian settlementVinland
40%
Eastern empire that employed Vikings in its elite "Varangian Guard"{Byzantine} Empire
34%
King who ruled over Norway, Denmark, and England{Cnut} the Great
27%
Term for a Viking slaveThrall
15%

Score Distribution

Percentile by Number Answered

Percent of People with Each Score

Your Score History

You have not taken this quiz